AUGUSTINE/

Guardado en:
Bibliografiske detaljer
Hovedforfatter: Kirwan, Christopher (autor)
Format: Bog
Fag:
Tags: Tilføj Tag
Ingen Tags, Vær først til at tagge denne postø!

MARC

LEADER 00000nam^a2200000^a^4500
001 000227122
005 20250521000000.0
009 20260310104232.818
020 |a 0-415-06364-7 
037 |a Acervo Xavier Clavigero 
082 |a 255. 4092  |b KIR 
100 |a Kirwan, Christopher  |e (autor) 
245 1 0 |a AUGUSTINE/  |c CHRISTOPHER KIRWAN 
264 |a Londres, Inglaterra :  |b Routledge,  |c 1989 
300 |a 247 p. 
336 |a texto  |b txt  |2 rdacontenido 
337 |a sin mediación  |b n  |2 rdamedio 
338 |a volumen  |b nc  |2 rdasoporte 
649 |a XX 
650 |a Agustín,  |c Santo -  |x Tema Principal 
910 |a Fondo General 
920 |a Impresos - Libros 
930 |a Colección General 
905 |a 101 
901 |a 045733  |b IT1  |c ACC  |i 045733  |u 20250521 
902 |a https://opac.biblio.iteso.mx/vufind/Record/000227122